000 00291nam a22001337a 4500
008 171010b xxu||||| |||| 00| 0 eng d
020 _a9780807845615
041 _aeng
080 _a316
100 _a50
101 _aSOC
245 _aWOMEN BEFORE THE BAR
_cHUGHES.C
942 _2udc
_cBK
999 _c32987
_d32987